Statistiques concernant Pokémon de type Sol - Gen 1 à 9

Cliquez ici pour prendre le quiz!

Statistiques générales

  • Ce quiz a été pris 1 558 fois
    (651 depuis la dernière actualisation)
  • Le résultat moyen est 58 sur 79

Statistiques - réponses

Pokémon% Correct
Gravalanch
95%
Grolem
95%
Racaillou
94%
Triopikeur / Triopikeur d'Alola
91%
Taupiqueur / Taupiqueur d'Alola
90%
Onix
88%
Rhinocorne
87%
Hippodocus
85%
Hippopotas
85%
Rhinoféros
85%
Steelix / Méga-Steelix
85%
Libégon
84%
Rhinastoc
84%
Scorplane
84%
Scorvol
84%
Arceus (Plaque Terre)
82%
Sabelette
82%
Sablaireau
82%
Crocorible
81%
Escroco
81%
Groudon / Primo-Groudon
81%
Kraknoix
81%
Mascaïman
81%
Vibraninf
81%
Axoloto / Axoloto de Paldea
80%
Kaorine
80%
Balbuto
79%
Carchacrok / Méga-Carchacrok
79%
Maraiste
79%
Torterra
79%
Carmache
78%
Cochignon
78%
Mammochon
78%
Marcacrin
78%
Minotaupe
78%
Silvallié (ROM Sol)
78%
Barbicha
77%
Griknot
77%
Laggron / Méga-Laggron
77%
Limonde / Limonde de Galar
77%
Rototaupe
77%
Barloche
76%
Donphan
76%
Phanpy
76%
Camérupt / Méga-Camérupt
75%
Démétéros
75%
Zygarde
75%
Chamallot
74%
Ossatueur
74%
Osselait
74%
Flobio
73%
Nidoking
72%
Nidoqueen
72%
Excavarenne
71%
Golemastoc
71%
Gringolem
71%
Batracné
70%
Crapustule
70%
Bacabouh
66%
Ningale
66%
Tiboudet
66%
Trépassable
66%
Bourrinos
65%
Tritosor
64%
Dunaconda
62%
Terraiste
62%
Dunaja
61%
Fort-Ivoire
61%
Embrylex
58%
Ymphect
58%
Roue-de-Fer
57%
Terracool
54%
Terracruel
54%
Ursaking
52%
Tutétékri
51%
Tutafeh de Galar
49%
Cheniselle (Cape Sable)
47%
Pelage-Sablé
46%
Dinglu
39%

Distribution des résultats

Percentile par nombre de réponses

% des personnes avec chaque résultat

Votre développement - résultats

Vous n’avez pas pris ce quiz depuis la dernière actualisation